Fortnight - Taylor Swift Lyrics - Statistics

General Stats
  • This quiz has been taken 33 times
  • The average score is 268 of 320
Answer Stats
Answer % Correct
a
100%
for
100%
fortnight
100%
I
100%
no
100%
you
100%
an
95%
and
95%
be
95%
but
95%
in
95%
me
95%
the
95%
to
95%
we
95%
were
95%
your
95%
away
90%
come
90%
get
90%
into
90%
my
90%
on
90%
there
90%
they
90%
was
90%
what
90%
you're
90%
alcoholic
86%
forgot
86%
her
86%
kill
86%
love
86%
run
86%
sent
86%
'til
86%
wanna
86%
wife
86%
about
81%
all
81%
backyard
81%
flowers
81%
functioning
81%
him
81%
hope
81%
it
81%
life
81%
noticed
81%
okay
81%
reason
81%
say
81%
supposed
81%
touch
81%
waters
81%
aesthetic
76%
blame
76%
forever
76%
is
76%
it's
76%
neighbors
76%
new
76%
nobody
76%
of
76%
one
76%
only
76%
quiet
76%
ruining
76%
treason
76%
turned
76%
want
76%
are
71%
ask
71%
good
71%
mornings
71%
move
71%
now
71%
this
71%
touched
71%
America
67%
cheating
67%
drug
67%
endless
67%
february
67%
husband
67%
miracle
67%
sometimes
67%
stuck
67%
up
67%
weather
67%
won't
67%
buy
62%
effects
62%
Florida
62%
here's
62%
mondays
62%
took
62%
callin'
57%
lost
57%
pick
57%
start
57%
temporary
57%
together
57%
at
52%
car
52%
mailbox
52%
sweater
52%
calling
48%
'nother
48%
ya
48%
thought
43%
comment
38%
No matching quizzes found
Score Distribution
Percent of People with Each Score
Percentile by Number Answered
Your Score History
You have not taken this quiz